Life insurance marketing model for Digos City clients/ (Record no. 2671)
[ view plain ]
| 000 -LEADER | |
|---|---|
| fixed length control field | 00599nam a22001577a 4500 |
| 008 - FIXED-LENGTH DATA ELEMENTS--GENERAL INFORMATION | |
| fixed length control field | 160523b xxu||||| |||| 00| 0 eng d |
| 082 ## - DEWEY DECIMAL CLASSIFICATION NUMBER | |
| Edition number | 2015 |
| Classification number | UT 0634 |
| Item number | So68 |
| 100 ## - MAIN ENTRY--PERSONAL NAME | |
| 9 (RLIN) | 8785 |
| Personal name | Sorizo, Reena Beth A. |
| 245 ## - TITLE STATEMENT | |
| Title | Life insurance marketing model for Digos City clients/ |
| Statement of responsibility, etc. | Reena Beth A. Sorizo, Filjhon B. Densing and regine T. Tura. |
| 260 ## - PUBLICATION, DISTRIBUTION, ETC. (IMPRINT) | |
| Place of publication, distribution, etc. | Digos City: |
| Name of publisher, distributor, etc. | UMDC |
| Date of publication, distribution, etc. | November 2015. |
| 300 ## - PHYSICAL DESCRIPTION | |
| Extent | 67 pages; |
| Dimensions | 30 cm. |
| 650 #0 - SUBJECT ADDED ENTRY--TOPICAL TERM | |
| 9 (RLIN) | 8784 |
| Topical term or geographic name as entry element | Business Administration |
| Form subdivision | Marketing Management |
| General subdivision | Undergraduate thesis. |
| 700 ## - ADDED ENTRY--PERSONAL NAME | |
| 9 (RLIN) | 8782 |
| Personal name | Densing, Filjhon B. |
| 700 ## - ADDED ENTRY--PERSONAL NAME | |
| 9 (RLIN) | 8783 |
| Personal name | Tura, Regine T. |
| 942 ## - ADDED ENTRY ELEMENTS (KOHA) | |
| Source of classification or shelving scheme | Dewey Decimal Classification |
| Koha item type | Undergraduate Thesis |
| Withdrawn status | Lost status | Source of classification or shelving scheme | Damaged status | Not for loan | Collection code | Home library | Current library | Date acquired | Total Checkouts | Full call number | Barcode | Date last seen | Price effective from | Koha item type |
|---|---|---|---|---|---|---|---|---|---|---|---|---|---|---|
| Dewey Decimal Classification | Undergraduate Theses | UM Digos College - LIC | UM Digos College - LIC | 05/23/2016 | UT 0634 So68 2015 | UT0634 | 05/23/2016 | 05/23/2016 | Undergraduate Thesis |
